logo

Bir Sreshtho Munshi Abdur Rouf Library
Jhenaidah Cadet College

Freemasonry : (Record no. 9292)

MARC details
000 -LEADER
fixed length control field 00635cam a2200241 4500
001 - CONTROL NUMBER
JCCL Control Number 9292
003 - CONTROL NUMBER IDENTIFIER
JCCL marc code BD-JhCC
005 - DATE AND TIME OF LATEST TRANSACTION
control field 20180319082946.0
008 - FIXED-LENGTH DATA ELEMENTS--GENERAL INFORMATION
fixed length control field 710419s1968 pk a 000 0 eng
035 ## - SYSTEM CONTROL NUMBER
system control number (BD-JhCC)9292
040 ## - CATALOGING SOURCE
Original cataloging agency DLC
Transcribing agency DLC
Modifying agency DLC
-- BD-JhCC
041 ## - LANGUAGE CODE
Language code of Book eng
050 00 - LIBRARY OF CONGRESS CALL NUMBER
Classification number HS485.P3
Item number F36
082 ## - DEWEY DECIMAL CLASSIFICATION NUMBER
Author mark and Year FAR 1968
Classification number 366.10973
100 1# - MAIN ENTRY--PERSONAL NAME
Personal name Faruqi, Misbahul Islam.
245 10 - TITLE STATEMENT
Title Freemasonry :
Remainder of title a critical study /
Statement of responsibility, etc Misbahul Islam Faruqi
250 ## - EDITION STATEMENT
Edition statement [1st ed.
260 ## - PUBLICATION, DISTRIBUTION, ETC. (IMPRINT)
Place of publication, distribution, etc Karachi,
Name of publisher, distributor, etc Cultural Studies Circle,
Date of publication, distribution, etc 1968
300 ## - PHYSICAL DESCRIPTION
Pagination 63 p.
Other physical details illus.
Dimensions 18 cm.
650 ## - SUBJECT ADDED ENTRY--TOPICAL TERM
Topical term or geographic name as entry element Freemasons.
942 ## - ADDED ENTRY ELEMENTS (KOHA)
Source of classification or shelving scheme Dewey Decimal Classification
Koha item type Books
Holdings
Source of classification or shelving scheme Damaged status Not for loan Home library Current library Shelving location Total Checkouts Full call number Barcode Date last seen Copy number Koha item type
Dewey Decimal Classification     JCC Rouf Library JCC Rouf Library General Stacks   366.10973 FAR 1968 12256 03/12/2018 C - 1 Books

JCC Library | Contacts | JCC Home

Last Update on 23 September 2017
Copyright @ 2017-2020 JCC Rouf Library
Rouf Library, Jhenidah Cadet College (JCC), Bangladesh